000
00319nam a2200133Ia 4500
100
_a
Eliasmith/Chris/ Anderson/Charles H
942
_c
BK
654
_a
neural engg
245
_a
Neural Engineering:Computation
260
_b
Prentice Hall of India
_c
2003
082
_a
610.28
_b
ELI
300
_a
356
546
_a
ENGLISH
999
_c
30751
_d
30751